Природные силикаты - сырье для получения смешанных магнезиальных вяжущих; Международная конференция "Ресурсо-и энергосберегающие технологии строительных материалов, изделий и конструкций"

Bibliographic Details
Parent link:Международная конференция "Ресурсо-и энергосберегающие технологии строительных материалов, изделий и конструкций".— 1995.— С. 164-165
Main Author: Филина С. В.
Other Authors: Смиренская В. Н., Верещагин В. И. Владимир Иванович
Summary:Исследована пригодность природных силикатов (диопсидовые, тремолитовые, серпентинитовые породы и цеолиты) для получения смешанных магнезиальных вяжущих. Проведен подбор оптимальных составов вяжущих на основе оксида магния, природных силикатов и солевых растворов. Определены свойства этих материалов и предложены технологии их изготовления
В фонде НТБ ТПУ отсутствует
Language:Russian
Published: 1995
Subjects:
Format: MixedMaterials Book Chapter
KOHA link:https://koha.lib.tpu.ru/cgi-bin/koha/opac-detail.pl?biblionumber=595935

MARC

LEADER 00000naa0a2200000 4500
001 595935
005 20250318144933.0
035 |a (RuTPU)RU\TPU\tpu\17839 
090 |a 595935 
100 |a 20100722d1995 k y0rusy50 ca 
101 0 |a rus 
102 |a RU 
200 1 |a Природные силикаты - сырье для получения смешанных магнезиальных вяжущих  |f С. В. Филина, В. Н. Смиренская, В. И. Верещагин 
330 |a Исследована пригодность природных силикатов (диопсидовые, тремолитовые, серпентинитовые породы и цеолиты) для получения смешанных магнезиальных вяжущих. Проведен подбор оптимальных составов вяжущих на основе оксида магния, природных силикатов и солевых растворов. Определены свойства этих материалов и предложены технологии их изготовления 
333 |a В фонде НТБ ТПУ отсутствует 
463 |t Международная конференция "Ресурсо-и энергосберегающие технологии строительных материалов, изделий и конструкций"  |o Научные чтения, посвященные 25-летию Белгородской государственной технологической академии строительных материалов (Белгород, 26-29 сентября 1995)  |o тезисы докладов  |h Ч. 1  |v С. 164-165  |d 1995 
610 1 |a труды учёных ТПУ 
700 1 |a Филина  |b С. В. 
701 1 |a Смиренская  |b В. Н. 
701 1 |a Верещагин  |b В. И.  |c химик-технолог  |c профессор Томского политехнического университета, доктор технических наук  |f 1942-  |g Владимир Иванович  |3 (RuTPU)RU\TPU\pers\19774  |9 7712 
801 1 |a RU  |b 63413507  |c 20100722 
801 2 |a RU  |b 63413507  |c 20100722  |g RCR 
942 |c BK